|
|
|
|
| LEADER |
00000nab a2200000 a 4500 |
| 001 |
vtls000127276 |
| 003 |
SK-MaSNL |
| 005 |
20260303032616.0 |
| 008 |
111104c1982 xo 0 slo |
| 015 |
|
|
|a SNBRB19rr/mm-uuuuu
|
| 035 |
|
|
|a CL0137381
|
| 040 |
|
|
|a SNKBUCL
|b slo
|c SNKBUCL
|e AACR2
|
| 041 |
0 |
|
|a slo
|
| 044 |
|
|
|a xo
|c SK
|
| 080 |
|
|
|a 796/799
|2 1981
|
| 100 |
1 |
|
|a Matejík, Ján
|4 aut
|9 6783
|
| 245 |
1 |
0 |
|a Perspektívy súťaží odznaku zdatnosti
|c Ján Matejík
|
| 650 |
0 |
7 |
|a šport
|2 snkbucl
|9 1042
|
| 650 |
0 |
7 |
|a Odznak zdatnosti
|2 snkbucl
|9 925756
|
| 655 |
|
7 |
|a články z novín a časopisov
|2 snkbucl
|9 267496
|
| 773 |
0 |
|
|t Tréner
|g Roč. 26, č. 9 (1982), s. 394-396
|
| 850 |
|
|
|a Slovenská národná knižnica v Martine
|a MTA001
|
| 852 |
|
|
|a SNK
|b KIS3GCP
|
| 958 |
|
|
|a RK
|
| 992 |
|
|
|a RBX
|
| 999 |
|
|
|c 1665539
|d 1667469
|